000
00245 a2200097 4500
001
42908
100
_a
Anwar H.S
245
_a
China & Pakistan diplomacy of an entente cordiale
260
_a
London
_b
Oxford Univ press
_c
090
_c
26793
_d
26793
942
_a
NUST-CAE
_c
M
_c
18661
999
_c
277981
_d
277981